[Event "LTU-ch U18"]
[Site "Panevezys"]
[Date "2008.03.09"]
[Round "5"]
[White "Asauskas, Mindaugas"]
[Black "Baltranas, Marius"]
[Result "1/2-1/2"]
[WhiteElo "1911"]
[BlackElo "1869"]
[PlyCount "43"]
[EventDate "2008.03.06"]
[EventType "swiss"]
[EventRounds "6"]
[EventCountry "LTU"]
[SourceTitle "EXT 2022"]
[Source "ChessBase"]
[SourceDate "2021.10.06"]
[SourceVersion "1"]
[SourceVersionDate "2021.10.06"]
[SourceQuality "1"]

1. e4 c5 2. Nf3 d6 3. d4 cxd4 4. Nxd4 Nf6 5. Nc3 a6 6. Bc4 e6 7. Bb3 Nbd7 8. 0-0 Nc5 9. Re1 b5 10. f3 Be7 11. Kh1 Bb7 12. Be3 Nxb3 13. axb3 0-0 14. Qd2 Qc7 15. Bf2 g6 16. Rad1 Rac8 17. Rc1 Rfd8 18. Qe3 Qc5 19. Qd2 Qc7 20. Qe3 Qc5 21. Qh6 Qh5 22. Qe3 1/2-1/2

[Event "LTU-ch U18"]
[Site "Panevezys"]
[Date "2008.03.08"]
[Round "4"]
[White "Baltranas, Marius"]
[Black "Garnelis, Julius"]
[Result "0-1"]
[WhiteElo "1869"]
[BlackElo "2141"]
[PlyCount "72"]
[EventDate "2008.03.06"]
[EventType "swiss"]
[EventRounds "6"]
[EventCountry "LTU"]
[SourceTitle "EXT 2022"]
[Source "ChessBase"]
[SourceDate "2021.10.06"]
[SourceVersion "1"]
[SourceVersionDate "2021.10.06"]
[SourceQuality "1"]

1. e4 d5 2. exd5 Qxd5 3. Nc3 Qd6 4. d4 Nf6 5. Nf3 a6 6. Bc4 e6 7. 0-0 b5 8. Bb3 Nbd7 9. Ne2 Bb7 10. Nf4 c5 11. c3 cxd4 12. cxd4 Nd5 13. Nd3 Be7 14. Nfe5 Nxe5 15. dxe5 Qd7 16. Qg4 0-0-0 17. Bg5 h5 18. Qh4 f6 19. Rac1+ Kb8 20. exf6 gxf6 21. Bf4+ e5 22. Bg3 Rdg8 23. Nc5 Bxc5 24. Rxc5 Qd6 25. Bxd5 Rg4 26. Qh3 Qxc5 27. Be6 Rg5 28. Kh1 Ka8 29. f3 h4 30. Bf2 Qd6 31. Bf5 Rhg8 32. Bxh4 Rxg2 33. Qxg2 Rxg2 34. Kxg2 Qd2+ 35. Rf2 Qf4 36. Bg4 Qxg4+ 0-1

[Event "LTU-chT2 0708"]
[Site "Lithuania"]
[Date "2008.01.06"]
[Round "5.12"]
[White "Baltranas, Marius"]
[Black "Taujanskis, Eugenijus"]
[Result "0-1"]
[WhiteElo "1874"]
[BlackElo "1990"]
[PlyCount "70"]
[EventDate "2007.09.27"]
[EventType "team-tourn"]
[EventRounds "9"]
[EventCountry "LTU"]
[SourceTitle "EXT 2022"]
[Source "ChessBase"]
[SourceDate "2021.10.06"]
[SourceVersion "1"]
[SourceVersionDate "2021.10.06"]
[SourceQuality "1"]

1. e4 c5 2. Nf3 Nc6 3. d4 cxd4 4. Nxd4 Nf6 5. Nc3 e5 6. Ndb5 d6 7. Bg5 a6 8. Na3 b5 9. Bxf6 gxf6 10. Nd5 f5 11. Bd3 Be6 12. 0-0 Bg7 13. c4 b4 14. Nxb4 Nxb4 15. Qa4+ Bd7 16. Qxb4 Bc6 17. Rfe1 Rb8 18. Qd2 f4 19. b4 Bb7 20. b5 a5 21. Rac1 Rc8 22. Red1 Bf8 23. Qb2 Qb6 24. c5 Rxc5 25. Rxc5 Qxc5 26. Rc1 Qb6 27. Nc4 Qd8 28. Nxe5 Bg7 29. b6 Bxe5 30. Qb5+ Kf8 31. Rc7 f3 32. g3 Bc8 33. Bc4 d5 34. Bxd5 Bxc7 35. Qb2 Ke7 0-1

[Event "Baltija Cup op 4th"]
[Site "Palanga"]
[Date "2007.06.16"]
[Round "1"]
[White "Tvarijonas, Povilas"]
[Black "Baltranas, Marius"]
[Result "1-0"]
[WhiteElo "2221"]
[BlackElo "1907"]
[PlyCount "37"]
[EventDate "2007.06.16"]
[EventType "swiss"]
[EventRounds "8"]
[EventCountry "LTU"]
[SourceTitle "EXT 2022"]
[Source "ChessBase"]
[SourceDate "2021.10.06"]
[SourceVersion "1"]
[SourceVersionDate "2021.10.06"]
[SourceQuality "1"]

1. e4 c5 2. Nf3 d6 3. d4 cxd4 4. Nxd4 Nf6 5. Nc3 a6 6. Bg5 e6 7. f4 Be7 8. Qf3 Qc7 9. 0-0-0 b5 10. e5 Bb7 11. Qg3 dxe5 12. fxe5 Nh5 13. Qh4 Bxg5+ 14. Qxg5 g6 15. Bd3 Kf8 16. Rhf1 Kg8 17. Be2 Ng7 18. Ndxb5 axb5 19. Rd8+ 1-0

[Event "LTU-ch U18"]
[Site "Panevezys"]
[Date "2007.03.27"]
[Round "7"]
[White "Baltranas, Marius"]
[Black "Jasinskas, Zygimantas"]
[Result "0-1"]
[WhiteElo "1889"]
[BlackElo "2097"]
[PlyCount "96"]
[EventDate "2007.03.23"]
[EventType "swiss"]
[EventRounds "9"]
[EventCountry "LTU"]
[SourceTitle "EXT 2022"]
[Source "ChessBase"]
[SourceDate "2021.10.06"]
[SourceVersion "1"]
[SourceVersionDate "2021.10.06"]
[SourceQuality "1"]

1. e4 c5 2. Nf3 d6 3. d4 cxd4 4. Nxd4 Nf6 5. Nc3 a6 6. Be2 e5 7. Nb3 Be6 8. 0-0 Nbd7 9. a4 Be7 10. f4 Qc7 11. Kh1 0-0 12. f5 Bc4 13. g4 d5 14. Nxd5 Nxd5 15. exd5 Nf6 16. g5 Nxd5 17. f6 gxf6 18. gxf6 Bxf6 19. Bh6 Nf4 20. Bxc4 Qxc4 21. Bxf4 exf4 22. Qg4+ Kh8 23. Qxf4 Qxf4 24. Rxf4 Bxb2 25. Rb1 Be5 26. Rf5 f6 27. Na5 Rac8 28. Rxb7 Rxc2 29. Rh5 Rc7 30. Rxc7 Bxc7 31. Kg2 Rd8 32. Nb3 Rd3 33. Nc5 Rd2+ 34. Kf3 Kg7 35. Nxa6 Bxh2 36. Rc5 Ra2 37. Rc4 Be5 38. Nc5 h5 39. Nd7 Ba1 40. Kg3 Kg6 41. Nf8+ Kf5 42. Rf4+ Kg5 43. Ne6+ Kg6 44. Nf8+ Kf7 45. Nd7 Ke7 46. Nb8 Kf7 47. Rb4 Bc3 48. Rb3 Be5+ 0-1

[Event "Panevezys-ch"]
[Site "Panevezys"]
[Date "2007.03.11"]
[Round "7"]
[White "Bazevicius, Albertas"]
[Black "Baltranas, Marius"]
[Result "1-0"]
[WhiteElo "1912"]
[BlackElo "1889"]
[PlyCount "55"]
[EventDate "2007.02.04"]
[EventType "tourn"]
[EventRounds "13"]
[EventCountry "LTU"]
[SourceTitle "EXT 2010"]
[Source "ChessBase"]
[SourceDate "2010.11.25"]
[SourceVersion "1"]
[SourceVersionDate "2010.11.25"]
[SourceQuality "1"]

1. d4 Nf6 2. c4 g6 3. Nc3 Bg7 4. e4 d6 5. f3 0-0 6. Bg5 h6 7. Be3 e5 8. d5 Ne8 9. g4 f5 10. gxf5 gxf5 11. exf5 Bxf5 12. Qd2 Na6 13. 0-0-0 Nb4 14. Ne4 Qh4 15. Bg2 Na6 16. Ne2 Nc5 17. N2g3 Bxe4 18. fxe4 Nd7 19. Nf5 Rxf5 20. exf5 Qxc4+ 21. Kb1 Kh7 22. Bf1 Qa4 23. Bd3 Nef6 24. Rhg1 Rg8 25. Rg6 Qh4 26. Rdg1 e4 27. Qg2 Nh5 28. Rxh6+ 1-0

[Event "LTU-ch sf"]
[Site "Vilnius"]
[Date "2007.02.19"]
[Round "6"]
[White "Baltranas, Marius"]
[Black "Labuckas, Bronius"]
[Result "1-0"]
[WhiteElo "1889"]
[BlackElo "2033"]
[PlyCount "69"]
[EventDate "2007.02.16"]
[EventType "swiss"]
[EventRounds "9"]
[EventCountry "LTU"]
[SourceTitle "EXT 2010"]
[Source "ChessBase"]
[SourceDate "2010.11.25"]
[SourceVersion "1"]
[SourceVersionDate "2010.11.25"]
[SourceQuality "1"]

1. e4 d6 2. d4 g6 3. Nc3 Bg7 4. f3 Nc6 5. Be3 e5 6. dxe5 Nxe5 7. Qd2 Be6 8. 0-0-0 Nc4 9. Bxc4 Bxc4 10. Nge2 b5 11. Nd4 b4 12. Nd5 Bxd5 13. exd5 Ne7 14. Bg5 Bxd4 15. Qxd4 0-0 16. Qh4 f6 17. Bxf6 Rf7 18. Rhe1 Kf8 19. Bxe7+ Rxe7 20. Qf6+ Ke8 21. Qh8+ Kf7 22. Rxe7+ Qxe7 23. Qxa8 Qe3+ 24. Kb1 Qe2 25. Rc1 Qxg2 26. Qxa7 Qxh2 27. Qxc7+ Kf6 28. Qd8+ Ke5 29. Qg5+ Kd4 30. Qg1+ Qxg1 31. Rxg1 Ke3 32. Rh1 h5 33. Rg1 h4 34. Rxg6 Kxf3 35. Rxd6 1-0

[Event "LTU-ch sf"]
[Site "Vilnius"]
[Date "2007.02.18"]
[Round "4"]
[White "Baltranas, Marius"]
[Black "Buivys, Martynas"]
[Result "1-0"]
[WhiteElo "1889"]
[BlackElo "1861"]
[PlyCount "95"]
[EventDate "2007.02.16"]
[EventType "swiss"]
[EventRounds "9"]
[EventCountry "LTU"]
[SourceTitle "EXT 2010"]
[Source "ChessBase"]
[SourceDate "2010.11.25"]
[SourceVersion "1"]
[SourceVersionDate "2010.11.25"]
[SourceQuality "1"]

1. e4 Nc6 2. d4 e6 3. Be3 d5 4. e5 b6 5. f4 Nh6 6. Nf3 Nb4 7. c3 Na6 8. Bxa6 Bxa6 9. Qa4+ Qd7 10. Qxa6 c5 11. Qe2 c4 12. 0-0 a5 13. b3 b5 14. bxc4 bxc4 15. a4 Nf5 16. Bf2 h5 17. Qb2 Qa7 18. Na3 Bxa3 19. Qxa3 Rc8 20. Rfb1 h4 21. Rb5 Kd7 22. Rab1 Rb8 23. Qb2 Kc7 24. Rxb8 Rxb8 25. Qxb8+ Qxb8 26. Rxb8 Kxb8 27. Ng5 Nh6 28. Bxh4 Ng4 29. Bf2 Nh6 30. Be3 Kc7 31. Bc1 Kd7 32. h3 f6 33. Nf3 Nf5 34. g4 Ng3 35. Kf2 Ne4+ 36. Ke1 Nxc3 37. Bd2 Nxa4 38. Bxa5 Nb2 39. Ke2 Nd3 40. Bd2 Ke7 41. h4 Kf7 42. h5 Nb2 43. g5 f5 44. g6+ Ke7 45. Bb4+ Ke8 46. Ng5 Nd3 47. Bd2 Ke7 48. h6 1-0

[Event "Panevezys-ch"]
[Site "Panevezys"]
[Date "2007.02.18"]
[Round "4"]
[White "Viskelis, Steponas"]
[Black "Baltranas, Marius"]
[Result "1-0"]
[WhiteElo "2064"]
[BlackElo "1889"]
[PlyCount "79"]
[EventDate "2007.02.04"]
[EventType "tourn"]
[EventRounds "13"]
[EventCountry "LTU"]
[SourceTitle "EXT 2010"]
[Source "ChessBase"]
[SourceDate "2010.11.25"]
[SourceVersion "1"]
[SourceVersionDate "2010.11.25"]
[SourceQuality "1"]

1. c4 g6 2. Nc3 d6 3. d4 Nc6 4. e4 e5 5. d5 Nce7 6. Be3 f5 7. f3 Nf6 8. Bd3 Bg7 9. Nge2 0-0 10. h3 fxe4 11. fxe4 Nh5 12. Qd2 Rf7 13. g4 Nf6 14. Ng3 Qf8 15. 0-0-0 Bxg4 16. hxg4 Nxg4 17. Rdf1 Rf6 18. Bg5 Rf2 19. Rxf2 Qxf2 20. Be2 Qxg3 21. Bxg4 Qxg4 22. Bxe7 Qf3 23. Rg1 Re8 24. Bg5 a6 25. Qe3 Qh5 26. Qg3 Rf8 27. Qg2 h6 28. Bd2 Kh7 29. Rh1 Qf3 30. Qxf3 Rxf3 31. Rh2 h5 32. Kd1 Bf6 33. Ke2 Rg3 34. Be3 h4 35. Kf2 Rg4 36. Rg2 Rxg2+ 37. Kxg2 g5 38. Kh3 Kg6 39. Kg4 Bg7 40. Ne2 1-0

[Event "LTU-ch sf"]
[Site "Vilnius"]
[Date "2007.02.17"]
[Round "3"]
[White "Ralys, Vincas"]
[Black "Baltranas, Marius"]
[Result "1/2-1/2"]
[WhiteElo "1920"]
[BlackElo "1889"]
[PlyCount "63"]
[EventDate "2007.02.16"]
[EventType "swiss"]
[EventRounds "9"]
[EventCountry "LTU"]
[SourceTitle "EXT 2010"]
[Source "ChessBase"]
[SourceDate "2010.11.25"]
[SourceVersion "1"]
[SourceVersionDate "2010.11.25"]
[SourceQuality "1"]

1. e4 c5 2. Nf3 d6 3. d4 cxd4 4. Nxd4 Nf6 5. Nc3 a6 6. f3 e6 7. Be3 Be7 8. g4 b5 9. Qd2 Bb7 10. 0-0-0 Nc6 11. h4 Rc8 12. Bd3 Nb4 13. g5 Nd7 14. Kb1 Nc5 15. Rhg1 Nbxd3 16. cxd3 b4 17. Nce2 a5 18. f4 Ba6 19. Nc1 d5 20. e5 Qc7 21. h5 Kd7 22. Qf2 a4 23. f5 a3 24. b3 Bxd3+ 25. Nxd3 Ne4 26. Qh2 Nc3+ 27. Ka1 Nxd1 28. Rxd1 Qc3+ 29. Kb1 Bc5 30. fxe6+ fxe6 31. Nxc5+ Rxc5 32. Nxe6 1/2-1/2